[Event "AUT-chT 1999/2000"]
[Site "Melk"]
[Date "1999.10.22"]
[Round "1.1.2"]
[White "Tischbierek, Raj"]
[Black "Lehner, Oliver"]
[Result "1-0"]
[WhiteElo "2544"]
[BlackElo "2401"]
[PlyCount "77"]
[EventDate "1999.10.22"]

1. g3 d5 2. Bg2 Nf6 3. d3 e6 4. Nf3 Be7 5. O-O O-O 6. Nbd2 b6 7. e4 dxe4 8.
dxe4 Bb7 9. Qe2 Qc8 10. e5 Nfd7 11. Ne4 Nc6 12. Bf4 Nc5 13. Nxc5 Bxc5 14. Ng5
Be7 15. Ne4 Nd4 16. Qh5 g6 17. Qd1 Rd8 18. c3 Nf5 19. Qa4 c6 20. Bg5 Bxg5 21.
Nxg5 Qc7 22. Qf4 h6 23. Ne4 Ba6 24. Rfe1 g5 25. Nf6+ Kf8 26. Qf3 Rac8 27. h4
gxh4 28. g4 Ne7 29. Qf4 Ng8 30. Nxg8 Kxg8 31. Qxh6 Bd3 32. Qxh4 Bg6 33. Qg5 Rd7
34. Re2 c5 35. Rae1 Qd8 36. Qf4 Kg7 37. Re3 Rd1 38. Bf3 Rd2 39. Bb7 1-0

[Event "AUT-chT 1999/2000"]
[Site "Melk"]
[Date "1999.10.22"]
[Round "1.1.3"]
[White "Neubauer, Martin"]
[Black "Ankerst, Michael"]
[Result "1/2-1/2"]
[WhiteElo "2348"]
[BlackElo "2353"]
[PlyCount "84"]
[EventDate "1999.10.22"]

1. e4 c5 2. Nf3 e6 3. c3 Nf6 4. e5 Nd5 5. d4 cxd4 6. cxd4 b6 7. Nc3 Nxc3 8.
bxc3 Qc7 9. Bd2 Be7 10. Bd3 Ba6 11. Bxa6 Nxa6 12. Qe2 Qb7 13. O-O O-O 14. c4 d6
15. Bg5 Bxg5 16. Nxg5 dxe5 17. Qxe5 Rac8 18. Rac1 h6 19. Nf3 Nb4 20. Qb5 Nd3
21. Rc3 Nf4 22. Re1 Rfd8 23. Qe5 Ng6 24. Qe3 Qa6 25. Rec1 Rc7 26. h4 Ne7 27.
Qf4 Qc8 28. Qd2 Nf5 29. d5 Ne7 30. Nd4 exd5 31. cxd5 Rxc3 32. Rxc3 Qa8 33. Nb5
Rxd5 34. Qe2 Qd8 35. Nxa7 Rd1+ 36. Kh2 Qd6+ 37. g3 Qd4 38. Nc8 Ng6 39. Rf3 Ne5
40. Rf4 Rd2 41. Rxd4 Rxe2 42. Kg2 Rxa2 1/2-1/2

[Event "AUT-chT 1999/2000"]
[Site "Melk"]
[Date "1999.10.22"]
[Round "1.1.4"]
[White "Opl, Klaus"]
[Black "Neumeier, Klaus"]
[Result "0-1"]
[WhiteElo "2330"]
[BlackElo "2272"]
[PlyCount "57"]
[EventDate "1999.10.22"]

1. e4 c5 2. Nf3 d6 3. d4 cxd4 4. Nxd4 Nf6 5. Nc3 g6 6. Be3 Bg7 7. f3 O-O 8. Qd2
Nc6 9. Bc4 Bd7 10. O-O-O Rc8 11. Bb3 Ne5 12. h4 Nc4 13. Bxc4 Rxc4 14. h5 Nxh5
15. Nde2 Qa5 16. g4 Ng3 17. Nxg3 Bxc3 18. Qh2 Bxb2+ 19. Kb1 h5 20. Rd3 Bg7 21.
Nf5 Bxf5 22. exf5 Rfc8 23. Bd2 Qb6+ 24. Rb3 Qd4 25. c3 Qd3+ 26. Kb2 Bxc3+ 27.
Rxc3 Rxc3 28. Bxc3 Qxc3+ 29. Kb1 0-1

[Event "AUT-chT 1999/2000"]
[Site "Melk"]
[Date "1999.10.22"]
[Round "1.1.5"]
[White "Raubal, Martin"]
[Black "Eichler, Christoph"]
[Result "1/2-1/2"]
[WhiteElo "2204"]
[BlackElo "2234"]
[PlyCount "29"]
[EventDate "1999.10.22"]

1. e4 g6 2. d4 Bg7 3. Nc3 c6 4. Nf3 d5 5. Be2 dxe4 6. Nxe4 Nd7 7. O-O Ngf6 8.
Nxf6+ Nxf6 9. Re1 O-O 10. Bf4 Bf5 11. Bd3 Bxd3 12. Qxd3 Qb6 13. Qb3 Nd5 14. Be5
Bxe5 15. Rxe5 1/2-1/2

[Event "AUT-chT 1999/2000"]
[Site "Melk"]
[Date "1999.10.22"]
[Round "1.1.6"]
[White "Peterwagner, Heinz"]
[Black "Weissenbeck, Manuel"]
[Result "1/2-1/2"]
[WhiteElo "2215"]
[BlackElo "2221"]
[PlyCount "41"]
[EventDate "1999.10.22"]

1. e4 c5 2. Nc3 Nc6 3. g3 g6 4. Bg2 Bg7 5. Nge2 e6 6. d3 Nge7 7. Be3 Nd4 8. Qd2
d6 9. Nd1 Bd7 10. O-O O-O 11. c3 Nxe2+ 12. Qxe2 Rc8 13. Qd2 d5 14. Bh6 dxe4 15.
dxe4 Bb5 16. Re1 Qxd2 17. Bxd2 Rfd8 18. Be3 b6 19. f4 e5 20. Nf2 Kf8 21. Rad1
1/2-1/2

[Event "AUT-chT 1999/2000"]
[Site "Melk"]
[Date "1999.10.22"]
[Round "1.2.1"]
[White "Blatny, Pavel"]
[Black "Wells, Peter"]
[Result "0-1"]
[WhiteElo "2486"]
[BlackElo "2480"]
[PlyCount "140"]
[EventDate "1999.10.22"]

1. e4 c5 2. Nf3 Nc6 3. c3 Nf6 4. e5 Nd5 5. d4 cxd4 6. Bc4 Nb6 7. Bb3 d6 8. exd6
Qxd6 9. Na3 dxc3 10. Qxd6 exd6 11. Nb5 Rb8 12. Ng5 Ne5 13. O-O Bd7 14. Nxc3 Be7
15. f4 Nec4 16. Re1 Kf8 17. Bxc4 Nxc4 18. b3 Bf6 19. Nge4 Bd4+ 20. Kf1 f5 21.
Rd1 Ne3+ 22. Bxe3 Bxe3 23. Rxd6 Be8 24. Rd3 Bb6 25. Nd6 g6 26. Nd5 Bc6 27. Nxb6
axb6 28. Nc4 Kg7 29. Re1 Rhe8 30. Rxe8 Rxe8 31. Rd6 Re4 32. g3 Kf8 33. Rd8+ Kg7
34. Kf2 Bb5 35. Ne3 Bc6 36. Nc2 Kf7 37. Nd4 Re7 38. a4 Rc7 39. Rd6 Be4 40. Rxb6
Rc1 41. Nb5 Ke7 42. Ke3 Rd1 43. Ke2 Rh1 44. Nd6 Rxh2+ 45. Ke3 Bh1 46. Nxb7 Rg2
47. a5 Rxg3+ 48. Kd4 Rf3 49. a6 Rxf4+ 50. Kc5 Rf1 51. Rb4 Rc1+ 52. Kb5 g5 53.
a7 Rc8 54. Kb6 g4 55. Ra4 Ra8 56. Nc5 g3 57. Nd3 Be4 58. Nf4 Kd6 59. b4 g2 60.
Nh3 f4 61. b5 f3 62. Ra1 Rg8 63. Ka6 Ba8 64. Rg1 Rg7 65. Nf2 Kc5 66. b6 Bb7+
67. Ka5 Kd4 68. Nh3 Ke3 69. Re1+ Kd2 70. Rg1 Rg3 0-1

[Event "AUT-chT 1999/2000"]
[Site "Melk"]
[Date "1999.10.22"]
[Round "1.2.2"]
[White "Rabiega, Robert"]
[Black "Loeffler, Stefan"]
[Result "1-0"]
[WhiteElo "2471"]
[BlackElo "2412"]
[PlyCount "74"]
[EventDate "1999.10.22"]

1. e4 Nf6 2. e5 Nd5 3. d4 d6 4. Nf3 dxe5 5. Nxe5 c6 6. Qf3 Be6 7. Bc4 Nd7 8.
Nd3 g6 9. O-O Bg7 10. c3 O-O 11. Nd2 Nc7 12. Re1 Bd5 13. Qg3 Ne8 14. Bb3 Nd6
15. Bc2 Re8 16. Nf3 Rc8 17. Nde5 c5 18. Nxd7 Qxd7 19. dxc5 Rxc5 20. Be3 Ra5 21.
Bd4 Nf5 22. Bxf5 Qxf5 23. Bxg7 Bxf3 24. b4 Ra6 25. Bd4 Bc6 26. Re5 Rxa2 27.
Rae1 Qd7 28. h4 f6 29. h5 Kf7 30. hxg6+ hxg6 31. Qh4 fxe5 32. Qh7+ Ke6 33.
Qxg6+ Kd5 34. Rxe5+ Kc4 35. Qb1 Qxd4 36. cxd4 Kxd4 37. Rc5 Rd2 1-0

[Event "AUT-chT 1999/2000"]
[Site "Melk"]
[Date "1999.10.22"]
[Round "1.2.3"]
[White "Popovic, Petar"]
[Black "Lipinsky, Fabian"]
[Result "1-0"]
[WhiteElo "2473"]
[BlackElo "2339"]
[PlyCount "78"]
[EventDate "1999.10.22"]

1. e4 c6 2. d4 d5 3. Nd2 dxe4 4. Nxe4 Bf5 5. Ng3 Bg6 6. N1e2 Nf6 7. Nf4 e5 8.
dxe5 Qa5+ 9. c3 Qxe5+ 10. Be2 Nbd7 11. O-O Qc7 12. Bc4 O-O-O 13. Qe2 Nb6 14.
Bb3 Bd6 15. Qf3 Kb8 16. Be3 Nbd7 17. Nxg6 hxg6 18. h3 Rhe8 19. Rfd1 Ka8 20. Nf1
Nc5 21. Nd2 Ne6 22. Bxe6 Rxe6 23. Nc4 Ne4 24. Nxd6 Rdxd6 25. Bf4 Rxd1+ 26. Rxd1
Qc8 27. Qd3 Nf6 28. Qd8 Re8 29. Qxc8+ Rxc8 30. Be5 a6 31. Bxf6 gxf6 32. Rd7 Rf8
33. Kf1 Ka7 34. Ke2 f5 35. h4 c5 36. Kf3 Kb6 37. g3 Kc6 38. Re7 a5 39. Kf4 a4
1-0

[Event "AUT-chT 1999/2000"]
[Site "Melk"]
[Date "1999.10.22"]
[Round "1.2.4"]
[White "Herndl, Harald"]
[Black "Lau, Ralf"]
[Result "1-0"]
[WhiteElo "2342"]
[BlackElo "2502"]
[PlyCount "67"]
[EventDate "1999.10.22"]

1. d4 Nf6 2. c4 e6 3. Nc3 Bb4 4. Qc2 c5 5. dxc5 Bxc5 6. Nf3 Qb6 7. e3 Be7 8.
Be2 d6 9. O-O O-O 10. e4 a6 11. e5 dxe5 12. Nxe5 Nbd7 13. Bf4 Qd4 14. Nxd7 Bxd7
15. Be3 Qh4 16. Rfd1 e5 17. f3 Rad8 18. Bb6 Rc8 19. Qd2 Be6 20. Nd5 Bxd5 21.
cxd5 Bd6 22. Bf2 Qa4 23. b3 Qa3 24. Bd3 Bb4 25. Qe2 Rfe8 26. Bh4 Nh5 27. Qe4 g6
28. d6 Bxd6 29. Qxb7 a5 30. Bc4 Rc7 31. Qb5 Rec8 32. Kh1 Bc5 33. Bd8 Rc6 34.
Qb7 1-0

[Event "AUT-chT 1999/2000"]
[Site "Melk"]
[Date "1999.10.22"]
[Round "1.2.5"]
[White "Penz, Harald"]
[Black "Ebner, Hubert"]
[Result "1-0"]
[WhiteElo "2403"]
[BlackElo "2245"]
[PlyCount "63"]
[EventDate "1999.10.22"]

1. e4 c5 2. c3 d5 3. exd5 Qxd5 4. d4 Nf6 5. Nf3 Bg4 6. Be2 e6 7. h3 Bh5 8. Na3
Nc6 9. Be3 cxd4 10. Nb5 Rc8 11. Nbxd4 Bc5 12. Nxe6 Bxf3 13. Nxc5 Bxg2 14. Rg1
b6 15. Nd3 O-O 16. Nf4 Qxd1+ 17. Rxd1 Be4 18. f3 Bg6 19. Kf2 Ne5 20. Bd4 Rfe8
21. Bb5 Nc6 22. Bxf6 gxf6 23. Rd6 Red8 24. Rxc6 Rxc6 25. Bxc6 Rd2+ 26. Ke3 Rxb2
27. Bd5 Kf8 28. Bb3 Rh2 29. Rd1 Ke7 30. Rd4 Bf5 31. h4 Be6 32. Nd5+ 1-0

[Event "AUT-chT 1999/2000"]
[Site "Melk"]
[Date "1999.10.22"]
[Round "1.2.6"]
[White "Loebler, Heimo"]
[Black "Bawart, Markus"]
[Result "1/2-1/2"]
[WhiteElo "2270"]
[BlackElo "2395"]
[PlyCount "23"]
[EventDate "1999.10.22"]

1. d4 Nf6 2. c4 g6 3. Nc3 Bg7 4. e4 d6 5. h3 a6 6. Bd3 c5 7. d5 O-O 8. a4 e5 9.
g4 b6 10. Nge2 h5 11. f3 Nh7 12. Kd2 1/2-1/2

[Event "AUT-chT 1999/2000"]
[Site "Melk"]
[Date "1999.10.22"]
[Round "1.3.1"]
[White "Sermek, Drazen"]
[Black "Lukacs, Peter"]
[Result "1/2-1/2"]
[WhiteElo "2550"]
[BlackElo "2480"]
[PlyCount "33"]
[EventDate "1999.10.22"]

1. e4 e5 2. Nf3 Nc6 3. Bc4 Bc5 4. c3 Nf6 5. d3 a6 6. Bb3 Ba7 7. O-O d6 8. h3
O-O 9. Re1 h6 10. Nbd2 Nh5 11. Nf1 Qf6 12. Ne3 Nf4 13. Nd5 Nxd5 14. Bxd5 Qg6
15. Kf1 Ne7 16. Bb3 Kh8 17. d4 1/2-1/2

[Event "AUT-chT 1999/2000"]
[Site "Melk"]
[Date "1999.10.22"]
[Round "1.3.3"]
[White "Gross, David"]
[Black "Volkmann, Friedrich Karl"]
[Result "0-1"]
[WhiteElo "2427"]
[BlackElo "2427"]
[PlyCount "90"]
[EventDate "1999.10.22"]

1. e4 c5 2. Nf3 Nc6 3. d4 cxd4 4. Nxd4 Nf6 5. Nc3 e5 6. Ndb5 d6 7. Bg5 a6 8.
Na3 b5 9. Bxf6 gxf6 10. Nd5 Bg7 11. c3 f5 12. exf5 Bxf5 13. Nc2 O-O 14. Nce3
Be6 15. g3 b4 16. Bg2 bxc3 17. bxc3 Qa5 18. O-O f5 19. Nc4 Qc5 20. Ncb6 Ra7 21.
Qa4 e4 22. Rad1 Bf7 23. Qc4 Ne5 24. Qxc5 dxc5 25. Na4 Nd3 26. Ne3 f4 27. Bxe4
Nxf2 28. Kxf2 fxe3+ 29. Kxe3 Re7 30. Rde1 Rfe8 31. Kf3 Bxa2 32. Nxc5 Bxc3 33.
Rc1 Bd4 34. Rfe1 a5 35. Nd3 a4 36. Bc6 Re3+ 37. Kg2 Re2+ 38. Kf1 Rxe1+ 39. Rxe1
Rf8+ 40. Kg2 a3 41. Nb4 Rf2+ 42. Kh3 Bf7 43. Be8 Bb3 44. Nd3 Rc2 45. Bd7 Bc3
0-1

[Event "AUT-chT 1999/2000"]
[Site "Melk"]
[Date "1999.10.22"]
[Round "1.3.4"]
[White "Schroll, Gerhard"]
[Black "Proehl, Holger"]
[Result "1/2-1/2"]
[WhiteElo "2435"]
[BlackElo "2389"]
[PlyCount "82"]
[EventDate "1999.10.22"]

1. d4 e6 2. c4 Nf6 3. Nf3 d5 4. Nc3 c6 5. e3 Nbd7 6. Qc2 Bd6 7. b3 O-O 8. Be2
e5 9. cxd5 cxd5 10. Nb5 Bb4+ 11. Bd2 Bxd2+ 12. Nxd2 e4 13. O-O Nb6 14. a4 Bd7
15. a5 Rc8 16. Qb2 Bxb5 17. Bxb5 Na8 18. Rfc1 Qd6 19. Rxc8 Rxc8 20. Rc1 Rc7 21.
b4 g6 22. Rxc7 Qxc7 23. Nb3 b6 24. Qc1 Qxc1+ 25. Nxc1 Nc7 26. Bc6 Kf8 27. axb6
axb6 28. Na2 Ke7 29. Nc3 Kd6 30. b5 Ng8 31. f3 f5 32. Kf2 Ne7 33. Bb7 Ne8 34.
h3 Nf6 35. g4 h6 36. gxf5 gxf5 37. f4 Kc7 38. Ba6 Ng6 39. Na2 Ne7 40. Nb4 Nh5
41. Kg2 Nf6 1/2-1/2

[Event "AUT-chT 1999/2000"]
[Site "Melk"]
[Date "1999.10.22"]
[Round "1.3.5"]
[White "Kleissl, Helmut"]
[Black "Posch, Werner"]
[Result "1-0"]
[WhiteElo "2279"]
[BlackElo "2267"]
[PlyCount "53"]
[EventDate "1999.10.22"]

1. c4 e5 2. Nc3 Nc6 3. g3 g6 4. Bg2 Bg7 5. Rb1 d6 6. b4 a6 7. a4 f5 8. b5 axb5
9. axb5 Nce7 10. Bb2 Nf6 11. Nf3 e4 12. Nd4 Ng4 13. Nd5 O-O 14. O-O Ne5 15. Nf4
Rf6 16. Qb3 Qe8 17. Ra1 Rb8 18. Rfc1 g5 19. Nd5 Rh6 20. Nxe7+ Qxe7 21. c5+ Kh8
22. cxd6 Qxd6 23. Qa3 Qd8 24. Qc5 c6 25. Nxf5 b6 26. Qxe5 Bxe5 27. Bxe5+ 1-0

[Event "AUT-chT 1999/2000"]
[Site "Melk"]
[Date "1999.10.22"]
[Round "1.3.6"]
[White "Wiedner, Robert"]
[Black "Schiestl, Josef"]
[Result "1/2-1/2"]
[WhiteElo "2180"]
[BlackElo "2204"]
[PlyCount "52"]
[EventDate "1999.10.22"]

1. c4 g6 2. Nc3 Bg7 3. Nf3 d6 4. d4 Nf6 5. h3 O-O 6. Bf4 Nbd7 7. e3 c5 8. d5
Qa5 9. Qd2 a6 10. Be2 b5 11. O-O bxc4 12. Bxc4 Nb6 13. Be2 Bd7 14. e4 Na4 15.
e5 Nxc3 16. bxc3 Ne4 17. Qe1 Qxc3 18. Rc1 Qxe1 19. Rfxe1 Rfd8 20. Bd3 f5 21.
exd6 exd6 22. Bxe4 fxe4 23. Ng5 Bf5 24. Nxe4 Bxe4 25. Rxe4 Rab8 26. Re6 Bf8
1/2-1/2

[Event "AUT-chT 1999/2000"]
[Site "Melk"]
[Date "1999.10.22"]
[Round "1.4.1"]
[White "Ribli, Zoltan"]
[Black "Hoelzl, Franz"]
[Result "1-0"]
[WhiteElo "2579"]
[BlackElo "2428"]
[PlyCount "58"]
[EventDate "1999.10.22"]

1. c4 e6 2. Nc3 d5 3. d4 Bb4 4. Nf3 Nf6 5. Bg5 dxc4 6. e4 c5 7. Bxc4 cxd4 8.
Nxd4 Bxc3+ 9. bxc3 Nbd7 10. O-O Qa5 11. Bh4 O-O 12. Qe2 Ne5 13. Bb3 Bd7 14. Bg3
Rfd8 15. Rac1 Bc6 16. f4 Ned7 17. e5 Nd5 18. f5 Nc5 19. Qh5 Kh8 20. fxe6 Nxb3
21. axb3 fxe6 22. Nxe6 Rd7 23. Ng5 h6 24. e6 Re7 25. Rf7 Nf6 26. Qg6 Qxg5 27.
Qxg5 Rxf7 28. Qe5 Rff8 29. Rf1 Ne4 1-0

[Event "AUT-chT 1999/2000"]
[Site "Melk"]
[Date "1999.10.22"]
[Round "1.4.2"]
[White "Horvath, Csaba"]
[Black "Weinzettl, Ernst"]
[Result "1-0"]
[WhiteElo "2512"]
[BlackElo "2401"]
[PlyCount "25"]
[EventDate "1999.10.22"]

1. d4 Nf6 2. c4 e6 3. Nf3 b6 4. Nc3 Bb4 5. Qb3 c5 6. Bg5 h6 7. Bh4 Nc6 8. d5
Na5 9. Qc2 g5 10. Bg3 Nxc4 11. O-O-O g4 12. Bh4 gxf3 13. Ne4 1-0

[Event "AUT-chT 1999/2000"]
[Site "Melk"]
[Date "1999.10.22"]
[Round "1.4.3"]
[White "Herzog, Adolf"]
[Black "Moser, Guenter"]
[Result "1-0"]
[WhiteElo "2399"]
[BlackElo "2315"]
[PlyCount "114"]
[EventDate "1999.10.22"]

1. d4 f5 2. Bg5 g6 3. Nc3 Bg7 4. e4 fxe4 5. Nxe4 d5 6. Nc5 b6 7. Nb3 Nf6 8. Nf3
Ne4 9. Be3 O-O 10. Be2 Nd7 11. O-O e5 12. c4 c5 13. dxc5 d4 14. cxb6 Bb7 15.
Na5 Qxb6 16. Nxb7 Qxb7 17. Bc1 Ndc5 18. Ne1 Nd6 19. Nd3 Nxd3 20. Bxd3 e4 21. c5
Nf5 22. Bc4+ Kh8 23. Qb3 Qc7 24. Bd5 Rab8 25. Qc4 e3 26. Rb1 Be5 27. g3 Rbd8
28. Bg2 Rfe8 29. b4 exf2+ 30. Rxf2 d3 31. Bf4 Bxf4 32. gxf4 Rd4 33. Qc3 Kg8 34.
Rd1 Red8 35. Bf1 Qd7 36. c6 Qd6 37. b5 h5 38. Qb3+ Kg7 39. Qc3 Kh7 40. a4 Kh6
41. a5 Ne3 42. Re1 Rc4 43. Qb3 Rb4 44. Qxd3 Qxd3 45. Bxd3 Rxd3 46. Rf3 Rxb5 47.
Rexe3 Rxe3 48. Rxe3 Rc5 49. Re6 Rxa5 50. Kf2 Rc5 51. Ke3 Kg7 52. Kd4 Rc1 53.
Ke5 Kf7 54. Rf6+ Kg7 55. Rd6 a5 56. Rd7+ Kh6 57. Kd6 Rd1+ {
Rest nich rekonstruierbar, 1-0 (72)} 1-0

[Event "AUT-chT 1999/2000"]
[Site "Melk"]
[Date "1999.10.22"]
[Round "1.4.4"]
[White "Steflitsch, Erich"]
[Black "Staudner, Oliver"]
[Result "1/2-1/2"]
[WhiteElo "2336"]
[BlackElo "2368"]
[PlyCount "35"]
[EventDate "1999.10.22"]

1. e4 e5 2. Nf3 Nc6 3. Bb5 f5 4. Nc3 fxe4 5. Nxe4 Nf6 6. Nxf6+ Qxf6 7. Qe2 Be7
8. Bxc6 dxc6 9. Nxe5 O-O 10. O-O Bf5 11. d3 Rae8 12. Bf4 Bd6 13. Rae1 h5 14. h3
Bxh3 15. Bh2 Bg4 16. Qe3 c5 17. Qe4 c6 18. b3 1/2-1/2

[Event "AUT-chT 1999/2000"]
[Site "Melk"]
[Date "1999.10.22"]
[Round "1.4.5"]
[White "Roth, Peter"]
[Black "Schumi, Manfred"]
[Result "1/2-1/2"]
[WhiteElo "2312"]
[BlackElo "2246"]
[PlyCount "63"]
[EventDate "1999.10.22"]

1. e4 c5 2. Nc3 Nc6 3. Nf3 e5 4. Bb5 d6 5. O-O Nf6 6. d3 Be7 7. h3 O-O 8. Bxc6
bxc6 9. Nh2 Be6 10. b3 d5 11. Qe2 Nd7 12. f4 exf4 13. Bxf4 Bf6 14. e5 Bg5 15.
Rae1 Bxf4 16. Rxf4 Qg5 17. Rf3 Rae8 18. Qf2 Kh8 19. Rg3 Qf5 20. Nf3 f6 21. exf6
Qxf6 22. Na4 d4 23. Qd2 Bd5 24. Rxe8 Rxe8 25. c4 dxc3 26. Nxc3 h6 27. Nxd5 cxd5
28. Rg4 Ne5 29. Nxe5 Rxe5 30. Rf4 Rf5 31. Rxf5 Qxf5 32. Qe2 1/2-1/2

[Event "AUT-chT 1999/2000"]
[Site "Melk"]
[Date "1999.10.22"]
[Round "1.4.6"]
[White "Genser, Harald"]
[Black "Plank, Franz"]
[Result "1/2-1/2"]
[WhiteElo "2212"]
[BlackElo "2264"]
[PlyCount "30"]
[EventDate "1999.10.22"]

1. e4 d5 2. exd5 Qxd5 3. Nc3 Qa5 4. d4 Nf6 5. Nf3 Ne4 6. Bd3 Nxc3 7. bxc3 g6 8.
O-O Bg7 9. Re1 O-O 10. Rxe7 Nc6 11. Re1 Qxc3 12. Bd2 Qa3 13. Bc1 Qc3 14. Bd2
Qa3 15. Bc1 Qc3 1/2-1/2

[Event "AUT-chT 1999/2000"]
[Site "Melk"]
[Date "1999.10.22"]
[Round "1.5.2"]
[White "Poldauf, Dirk"]
[Black "Chernin, Alexandere"]
[Result "0-1"]
[WhiteElo "2460"]
[BlackElo "2606"]
[PlyCount "73"]
[EventDate "1999.10.22"]

1. c4 e6 2. g3 d5 3. Bg2 dxc4 4. Qa4+ Nd7 5. Qxc4 c5 6. Qc2 Ne7 7. b3 Nf5 8.
Nf3 b6 9. Bb2 Bb7 10. O-O Rc8 11. Na3 Be7 12. Nb5 a6 13. e4 Nd4 14. Nbxd4 cxd4
15. Qd3 e5 16. Bh3 Bd6 17. Nh4 g6 18. Bxd4 exd4 19. Qxd4 Ne5 20. Bxc8 Bxc8 21.
Rfc1 Bb7 22. Qe3 Bc5 23. Rxc5 bxc5 24. Qxc5 Nd3 25. Qe3 O-O 26. Rf1 Re8 27. f3
f5 28. Qa7 Re7 29. Qe3 fxe4 30. f4 Nb4 31. f5 Nc2 32. Qg5 Qd4+ 33. Rf2 e3 34.
Qxe7 exf2+ 35. Kf1 Qd3+ 36. Qe2 Qxe2+ 37. Kxe2 0-1

[Event "AUT-chT 1999/2000"]
[Site "Melk"]
[Date "1999.10.22"]
[Round "1.5.3"]
[White "Stanec, Nikolaus"]
[Black "Wach, Markus"]
[Result "1/2-1/2"]
[WhiteElo "2495"]
[BlackElo "2397"]
[PlyCount "55"]
[EventDate "1999.10.22"]

1. c4 c6 2. d4 d5 3. Nf3 Nf6 4. Nc3 e6 5. Bg5 Nbd7 6. cxd5 exd5 7. e3 Be7 8.
Bd3 Nh5 9. Bxe7 Qxe7 10. O-O Nhf6 11. Qc2 O-O 12. Rab1 Re8 13. b4 Nf8 14. b5 c5
15. dxc5 Qxc5 16. Rfc1 Bg4 17. Ne4 Nxe4 18. Qxc5 Nxc5 19. Rxc5 Bxf3 20. gxf3
Rad8 21. Bf5 g6 22. Bh3 d4 23. e4 Ne6 24. Bxe6 Rxe6 25. Rc7 Rb6 26. Kf1 d3 27.
Ke1 Rd4 28. Kd2 1/2-1/2

[Event "AUT-chT 1999/2000"]
[Site "Melk"]
[Date "1999.10.22"]
[Round "1.5.4"]
[White "Baumegger, Siegfried"]
[Black "Kindermann, Stefan"]
[Result "0-1"]
[WhiteElo "2421"]
[BlackElo "2532"]
[PlyCount "80"]
[EventDate "1999.10.22"]

1. c4 g6 2. d4 Bg7 3. e4 d6 4. Nc3 Nf6 5. Nf3 O-O 6. Be2 e5 7. O-O Na6 8. Re1
c6 9. Bf1 Bg4 10. d5 Ne8 11. h3 Bd7 12. Rb1 c5 13. a3 f5 14. b4 f4 15. bxc5
Nxc5 16. a4 Nc7 17. Ba3 N7a6 18. Nb5 Qf6 19. Nd2 Rfc8 20. Qc2 Bf8 21. Be2 h5
22. Rec1 Be7 23. Nf1 Qg5 24. Kh1 Qh4 25. f3 Qf6 26. Nh2 Kg7 27. Rd1 Rh8 28.
Rdc1 Bd8 29. Qd1 g5 30. Rb2 g4 31. fxg4 Nxe4 32. Bf3 Ng3+ 33. Kg1 Bb6+ 34. c5
Nxc5 35. Bxc5 Bxc5+ 36. Rxc5 dxc5 37. Nc3 e4 38. Rxb7 Qxc3 39. Rxd7+ Kg8 40.
Qb1 Qe3# 0-1

[Event "AUT-chT 1999/2000"]
[Site "Melk"]
[Date "1999.10.22"]
[Round "1.5.5"]
[White "Luther, Thomas"]
[Black "Freitag, Manfred"]
[Result "1-0"]
[WhiteElo "2508"]
[BlackElo "2373"]
[PlyCount "41"]
[EventDate "1999.10.22"]

1. e4 c5 2. Nf3 d6 3. d4 cxd4 4. Nxd4 Nf6 5. Nc3 a6 6. Bg5 e6 7. f4 Be7 8. Qf3
Qa5 9. O-O-O Bd7 10. e5 dxe5 11. fxe5 Nc6 12. Nxc6 Bxc6 13. Qg3 Nd7 14. Bxe7
Kxe7 15. Bc4 Raf8 16. Qh4+ g5 17. Qxg5+ Ke8 18. Rhe1 Rfg8 19. Qf4 Rxg2 20. Ne4
Rf8 21. Qh4 1-0

[Event "AUT-chT 1999/2000"]
[Site "Melk"]
[Date "1999.10.22"]
[Round "1.5.6"]
[White "Ivancsics, Michael"]
[Black "Teske, Henrik"]
[Result "0-1"]
[WhiteElo "2269"]
[BlackElo "2514"]
[PlyCount "54"]
[EventDate "1999.10.22"]

1. d4 d5 2. c4 e6 3. Nc3 Bb4 4. cxd5 exd5 5. Nf3 Ne7 6. g3 O-O 7. Bg2 Bf5 8.
Qb3 Nbc6 9. a3 Ba5 10. O-O Bb6 11. Rd1 Na5 12. Qa2 c6 13. b3 Nc8 14. Bg5 f6 15.
Bf4 Re8 16. Na4 Qe7 17. Re1 Nd6 18. Nxb6 axb6 19. Bd2 Ne4 20. Bb4 c5 21. Bxa5
Rxa5 22. Red1 Nc3 23. Qd2 Nxd1 24. Rxd1 Qxe2 25. Re1 Qxd2 26. Rxe8+ Kf7 27.
Nxd2 Kxe8 0-1

[Event "AUT-chT 1999/2000"]
[Site "Melk"]
[Date "1999.10.22"]
[Round "1.6.1"]
[White "Berndt, Stephan"]
[Black "Atlas, Valery"]
[Result "0-1"]
[WhiteElo "2500"]
[BlackElo "2465"]
[PlyCount "136"]
[EventDate "1999.10.22"]

1. e4 c5 2. Nf3 d6 3. d4 cxd4 4. Nxd4 Nf6 5. Nc3 e6 6. Bc4 Be7 7. Bb3 O-O 8. g4
d5 9. exd5 Nxd5 10. Nxd5 exd5 11. Nf5 Be6 12. Be3 Bf6 13. c3 Bxf5 14. gxf5 d4
15. Bxd4 Bxd4 16. Qxd4 Re8+ 17. Kf1 Qxd4 18. cxd4 Nc6 19. Rd1 Rad8 20. d5 Na5
21. Kg2 Nxb3 22. axb3 Kf8 23. d6 Re5 24. Rd3 Rxf5 25. Rc1 Rf6 26. Rc7 Rdxd6 27.
Rxd6 Rxd6 28. Rxb7 Rb6 29. Rxa7 Rxb3 30. h4 h5 31. Ra5 g6 32. Ra4 Rxb2 33. Kg3
Kg7 34. Rc4 Rb1 35. f3 Rg1+ 36. Kf2 Rb1 37. Kg3 Rb6 38. Ra4 Kf6 39. Rc4 Re6 40.
Ra4 Ke5 41. Rb4 Rd6 42. Re4+ Kf6 43. Rf4+ Ke7 44. Re4+ Re6 45. Ra4 Re5 46. Ra6
Rd5 47. Ra4 Ke6 48. Rb4 f6 49. Rc4 g5 50. hxg5 fxg5 51. Rb4 Kf5 52. Ra4 h4+ 53.
Kg2 Rd2+ 54. Kg1 h3 55. Rg4 Ra2 56. Kh1 Rf2 57. Rg3 h2 58. Rh3 Kf4 59. Rh5 Rc2
60. Rh3 Rd2 61. Rh5 g4 62. Ra5 g3 63. Ra4+ Ke3 64. Ra1 Kf2 65. f4 Re2 66. f5
Re1+ 67. Rxe1 Kxe1 68. Kg2 h1=Q+ 0-1

[Event "AUT-chT 1999/2000"]
[Site "Melk"]
[Date "1999.10.22"]
[Round "1.6.2"]
[White "Bezold, Michael"]
[Black "Polzin, Rainer"]
[Result "1/2-1/2"]
[WhiteElo "2508"]
[BlackElo "2472"]
[PlyCount "41"]
[EventDate "1999.10.22"]

1. b3 e5 2. Bb2 Nc6 3. c4 g6 4. g3 Bg7 5. Bg2 d6 6. Nc3 Nf6 7. e4 Nd7 8. Nge2
Nc5 9. d3 h5 10. h4 Nb4 11. Nc1 Bg4 12. f3 Bd7 13. Nd5 a5 14. Nxb4 axb4 15. Qd2
Bh6 16. f4 O-O 17. d4 exd4 18. Qxd4 Kh7 19. O-O Bg4 20. Qd2 Qd7 21. Nd3 1/2-1/2

[Event "AUT-chT 1999/2000"]
[Site "Melk"]
[Date "1999.10.22"]
[Round "1.6.3"]
[White "Schwarz, Michael"]
[Black "Topakian, Raffi"]
[Result "1/2-1/2"]
[WhiteElo "2374"]
[BlackElo "2376"]
[PlyCount "63"]
[EventDate "1999.10.22"]

1. Nf3 c5 2. g3 Nc6 3. Bg2 g6 4. O-O Bg7 5. c4 e5 6. Nc3 Nge7 7. Ne1 d6 8. Nc2
O-O 9. Ne3 Be6 10. a3 Qd7 11. Re1 Bh3 12. Bh1 f5 13. Rb1 f4 14. Ned5 fxg3 15.
hxg3 Nxd5 16. Bxd5+ Be6 17. d3 Bxd5 18. cxd5 Qh3 19. Ne4 Rxf2 20. Nxf2 Qxg3+
21. Kh1 Qxf2 22. dxc6 Qh4+ 23. Kg1 Qg3+ 24. Kh1 e4 25. e3 Qh3+ 26. Kg1 Qg3+ 27.
Kh1 Qh3+ 28. Kg1 Qg3+ 29. Kh1 Rf8 30. Rf1 Qh3+ 31. Kg1 Qg3+ 32. Kh1 1/2-1/2

[Event "AUT-chT 1999/2000"]
[Site "Melk"]
[Date "1999.10.22"]
[Round "1.6.4"]
[White "Gaertner, Guntram"]
[Black "Danner, Georg"]
[Result "1/2-1/2"]
[WhiteElo "2398"]
[BlackElo "2407"]
[PlyCount "22"]
[EventDate "1999.10.22"]

1. d4 Nf6 2. c4 g6 3. Nc3 Bg7 4. e4 d6 5. h3 O-O 6. Be3 e5 7. d5 Na6 8. Bd3 c6
9. Nge2 Nc5 10. Bc2 cxd5 11. cxd5 a5 1/2-1/2

[Event "AUT-chT 1999/2000"]
[Site "Melk"]
[Date "1999.10.22"]
[Round "1.6.5"]
[White "Frosch, Erich"]
[Black "Feistenauer, Fred"]
[Result "1-0"]
[WhiteElo "2297"]
[BlackElo "2278"]
[PlyCount "85"]
[EventDate "1999.10.22"]

1. d4 Nc6 2. Nf3 d5 3. Bf4 Bg4 4. e3 e6 5. Be2 Bd6 6. O-O Nge7 7. Bxd6 cxd6 8.
Nbd2 O-O 9. c3 Rc8 10. Re1 Qb6 11. Qb3 Qc7 12. h3 Bf5 13. Bf1 e5 14. Qa3 e4 15.
Nh2 Be6 16. Rac1 Qd7 17. b4 Ng6 18. f4 Nce7 19. Qb2 Nh4 20. Nb3 g5 21. Qf2 h6
22. fxg5 hxg5 23. Qf6 Neg6 24. g3 Nf5 25. Be2 Qe7 26. Qxe7 Nfxe7 27. Kg2 f5 28.
Rg1 f4 29. gxf4 gxf4 30. Kf2 fxe3+ 31. Kxe3 Kh7 32. Ng4 Nf5+ 33. Kd2 Nfh4 34.
Rcf1 Bxg4 35. Bxg4 Rce8 36. Nc1 e3+ 37. Kc2 Kh6 38. Ne2 Rxf1 39. Rxf1 Kg7 40.
Kd3 Ng2 41. Bh5 Kh6 42. Bxg6 Kxg6 43. Rg1 1-0